000 00321nam a2200133Ia 4500
008 191201s2001 xx 000 0 und d
082 _a670.423
_bCHW
100 _aCHAPMAN, W A J
245 0 _aWorkshop Technology-1
260 _aN.Delhi
_bCBS Publishers
_c2001
300 _a412
650 _aB.Tech(ME)
942 _2ddc
_cBK
999 _c1246
_d1246